[Event "FRA-chT3 01"]
[Site "France"]
[Date "2001.03.11"]
[Round "7"]
[White "Buffard, Patricia"]
[Black "Trumier, Josepha"]
[Result "0-1"]
[WhiteElo "1310"]
[BlackElo "1290"]
[PlyCount "72"]
[EventDate "2001.??.??"]
[EventType "team-tourn"]
[EventRounds "9"]
[EventCountry "FRA"]
[SourceTitle "EXT 2002"]
[Source "ChessBase"]
[SourceDate "2001.11.25"]
[SourceVersion "1"]
[SourceVersionDate "2001.11.25"]
[SourceQuality "1"]
[WhiteTeam "Fouesnant"]
[BlackTeam "Rennes"]
[WhiteTeamCountry "FRA"]
[BlackTeamCountry "FRA"]

1. e4 c6 2. Nc3 d5 3. exd5 cxd5 4. d4 Bf5 5. Nf3 Nc6 6. Bd3 Bg4 7. Bg5 Nf6 8. Bxf6 gxf6 9. Bb5 e6 10. 0-0 Qb6 11. b3 Bb4 12. Qd3 Bxc3 13. Qxc3 Qxb5 14. Qe3 Qb6 15. Qf4 Bxf3 16. Qxf3 Qxd4 17. Rfe1 f5 18. Rad1 Qg7 19. Qxd5 Rd8 20. Qb5 Rxd1 21. Rxd1 0-0 22. h3 Nd4 23. Qc5 Ne2+ 24. Kf1 Nf4 25. g3 Nxh3 26. Qxa7 f4 27. Qxb7 fxg3 28. Qg2 Nxf2 29. Re1 Kh8 30. a4 Rg8 31. a5 Qf6 32. Re3 Nd1+ 33. Ke2 Nxe3 34. Kxe3 Qe5+ 35. Kd2 Qd5+ 36. Qxd5 exd5 0-1